Poradie TOP 20 emerging markets

Poradie momentálnych Top 20 emerging markets, čiže rozvíjajúcich sa trhov, podľa americkej spoločnosti EPFR Global, ktorá sa zaoberá zbieraním údajov o rozvíjajúcich sa trhoch. Použité údaje pochádzajú z vlastných analýz finančných trhov, ktoré spoločnosť vytvára z predpovedí Medzinárodného menového...

Descrizione completa

Salvato in:
Dettagli Bibliografici
Natura: Capitolo di libro
Lingua:slovacco
Soggetti:
Tags: Aggiungi Tag
Nessun Tag, puoi essere il primo ad aggiungerne!!

MARC

LEADER 00000naa a2200000 4500
001 0166136
005 20231005092300.7
041 0 |a slo 
044 |a SK 
245 1 0 |a Poradie TOP 20 emerging markets 
520 |a Poradie momentálnych Top 20 emerging markets, čiže rozvíjajúcich sa trhov, podľa americkej spoločnosti EPFR Global, ktorá sa zaoberá zbieraním údajov o rozvíjajúcich sa trhoch. Použité údaje pochádzajú z vlastných analýz finančných trhov, ktoré spoločnosť vytvára z predpovedí Medzinárodného menového fondu a Svetovej banky. Na prvých troh miestach sú: Čína, Južná Kórea a Thajsko. Prekvapením je účasť krajín z Afriky a taktiež troch krajín z EÚ. 
610 2 0 |a trh 
610 2 0 |a produkt domáci hrubý 
610 2 0 |a inflácia 
610 2 0 |a dlhy verejné 
610 2 0 |a prostredie podnikateľské 
610 2 0 |a analýzy 
610 2 0 |a krajiny rozvojové 
610 2 0 |a krajiny tranzitívne 
610 2 0 |a svet